[Event "IND-ch U19 43rd"]
[Site "Lucknow"]
[Date "2013.07.13"]
[Round "5"]
[White "Ganesh, P."]
[Black "Viani, Antonio Dcunha"]
[Result "1-0"]
[WhiteElo "1884"]
[BlackElo "2267"]
[PlyCount "111"]
[EventDate "2013.07.10"]
[EventType "swiss"]
[EventRounds "11"]
[EventCountry "IND"]
[SourceTitle "CBM 155 Extra"]
[Source "ChessBase"]
[SourceDate "2013.08.26"]
[SourceVersion "1"]
[SourceVersionDate "2013.08.26"]
[SourceQuality "1"]

1. d4 Nf6 2. c4 g6 3. Nc3 Bg7 4. e4 d6 5. f3 0-0 6. Be3 e5 7. Nge2 c6 8. Qd2 Nbd7 9. 0-0-0 b6 10. Kb1 b5 11. Nc1 Rb8 12. Nb3 Qc7 13. dxe5 dxe5 14. g4 bxc4 15. Bxc4 Nb6 16. Be2 Be6 17. Bc5 Rfd8 18. Bd6 Qc8 19. Qe3 Rxd6 20. Rxd6 Bf8 21. Rd2 c5 22. Rhd1 Be7 23. Nd5 Nfxd5 24. exd5 Nxd5 25. Rxd5 Bxd5 26. Rxd5 c4 27. Na5 c3 28. Nb3 Qc6 29. Rd3 c2+ 30. Kc1 Qa4 31. Kxc2 Qxa2 32. Qxe5 Rb7 33. Qa5 Qxa5 34. Nxa5 Rc7+ 35. Rc3 Rd7 36. Nc4 Bb4 37. Rd3 Rc7 38. Kb3 a5 39. Rd5 Rb7 40. Ka4 Be1 41. Rb5 Re7 42. Bf1 Rd7 43. Nxa5 Rd1 44. Nb3 Rb1 45. Ka3 Bh4 46. Bc4 Be7+ 47. Ka2 Re1 48. Nd2 Kg7 49. Ne4 Rh1 50. Rb7 Kf8 51. Rb8+ Kg7 52. Re8 Bh4 53. g5 h6 54. gxh6+ Kxh6 55. Rh8+ Kg7 56. Rxh4 1-0

[Event "IND-ch U19 43rd"]
[Site "Lucknow"]
[Date "2013.07.13"]
[Round "6"]
[White "Visakh, Narayanan Rajeswari"]
[Black "Ganesh, P."]
[Result "1-0"]
[WhiteElo "2217"]
[BlackElo "1884"]
[PlyCount "63"]
[EventDate "2013.07.10"]
[EventType "swiss"]
[EventRounds "11"]
[EventCountry "IND"]
[SourceTitle "CBM 155 Extra"]
[Source "ChessBase"]
[SourceDate "2013.08.26"]
[SourceVersion "1"]
[SourceVersionDate "2013.08.26"]
[SourceQuality "1"]

1. Nf3 d5 2. b3 Nf6 3. Bb2 e6 4. g3 Bd6 5. Bg2 c5 6. 0-0 Nbd7 7. d3 0-0 8. Nbd2 Qc7 9. e4 dxe4 10. dxe4 Rd8 11. Qe2 Ne5 12. Rfd1 Bd7 13. Nc4 Bb5 14. Rxd6 Qxd6 15. Bxe5 Qa6 16. Nfd2 Ne8 17. a4 Bxc4 18. Nxc4 f6 19. Bb2 Nd6 20. Bf1 Nxc4 21. Qxc4 Qc6 22. Bd3 a6 23. e5 b5 24. Qe4 Qxe4 25. Bxe4 Rab8 26. exf6 gxf6 27. Bxf6 Rd7 28. axb5 axb5 29. Bc6 Rf7 30. Be5 Rbf8 31. Bxb5 Rf5 32. f4 1-0